| 000 | 01016cam a2200301Ia 4500 | ||
|---|---|---|---|
| 008 | |||
| 020 | _a9780855986391 (pbk. ) | ||
| 049 | _aMAIN | ||
| 090 |
_aHV553 _bSCH |
||
| 100 | 1 | _aSchuemer-Cross, Tanja. | |
| 245 | 1 | 4 |
_aThe right to survive : _bthe humanitarian challenge for the twenty-first century / _c[written by Tanja Schuemer-Cross and Ben Heaven Taylor] |
| 260 |
_aOxford : _bOxfam International, _c2009. |
||
| 300 |
_a144 p. : _bill. (chiefly col.), col. map ; _c24 cm. |
||
| 504 | _aIncludes bibliographical references . | ||
| 500 | _aIncludes index. | ||
| 500 | _aCover title. | ||
| 500 | _aStatement of responsibility from p. [2] of cover. | ||
| 650 | 0 | _aDisaster relief. | |
| 650 | 0 | _aEmergency management. | |
| 650 | 0 | _aHumanitarian assistance. | |
| 650 | 0 | _aHuman rights. | |
| 700 | 1 | _aTaylor, Ben Heaven. | |
| 907 |
_a.b1033662x _b05-12-18 _c30-10-13 |
||
| 003 | |||
| 005 | 20230123141120.0 | ||
| 040 | _cNUST | ||
| 942 |
_cBOOKS _kHV553 _mSCH |
||
| 999 |
_c167958 _d167958 |
||